000 00533nam a2200157Ia 4500
008 210716s2000 xx 000 0 und d
020 _a0538875895
041 _aeng
082 _a658.15 LEWW
100 _aLewellen, Wilbur G;Halloran, John A;Lanser, Howard P.
245 _aFinancial management: an introduction to principles and practice.
_bIntroduction to principles and practice.
250 _a1
260 _aAustralia
_bSouth western college publishing
_c2000
300 _axvii,822
650 _aFinancial Management(658.15)
999 _c202993
_d202993